[Event "Brasiliense sf 01"]
[Site "Brazil"]
[Date "2010.06.01"]
[Round "7"]
[White "Gisclan, Heverton"]
[Black "Bueno, Paulo Mello"]
[Result "1-0"]
[WhiteElo "2258"]
[BlackElo "1911"]
[PlyCount "75"]
[EventDate "2010.05.24"]
[EventType "swiss"]
[EventRounds "7"]
[EventCountry "BRA"]
[SourceTitle "EXT 2012"]
[Source "ChessBase"]
[SourceDate "2011.11.24"]
[SourceVersion "1"]
[SourceVersionDate "2011.11.24"]
[SourceQuality "1"]

1. e4 Nf6 2. e5 Ng8 3. d4 d5 4. c4 c5 5. Nf3 Nc6 6. cxd5 Qxd5 7. Nc3 Qd8 8. d5 Nb8 9. Bb5+ Bd7 10. 0-0 Qb6 11. Qa4 a6 12. Bxd7+ Nxd7 13. e6 fxe6 14. dxe6 Qxe6 15. Ng5 Qc6 16. Qc4 Ne5 17. Qe2 h6 18. Qxe5 hxg5 19. Bxg5 Nf6 20. Rfe1 Rh5 21. Rad1 Rd8 22. Rxd8+ Kxd8 23. Qb8+ Qc8 24. Rd1+ Nd7 25. Qf4 Ke8 26. Qf5 Rh8 27. Qg6+ Kd8 28. Nd5 Qc6 29. Qxc6 bxc6 30. Nb6 Kc7 31. Nxd7 e6 32. Bf4+ Kb7 33. Nxf8 Rxf8 34. Be5 g6 35. Rd7+ Kb6 36. Rg7 Rf5 37. f4 g5 38. Rxg5 1-0

[Event "Recife-ch 2nd"]
[Site "Recife"]
[Date "2009.05.28"]
[Round "11.4"]
[White "Barreto Filho, Carlos Alberto"]
[Black "Gisclan, Heverton"]
[Result "1/2-1/2"]
[WhiteElo "2273"]
[BlackElo "2215"]
[PlyCount "23"]
[EventDate "2009.05.22"]
[EventType "tourn"]
[EventRounds "12"]
[EventCountry "BRA"]
[SourceTitle "EXT 2022"]
[Source "ChessBase"]
[SourceDate "2021.10.06"]
[SourceVersion "1"]
[SourceVersionDate "2021.10.06"]
[SourceQuality "1"]

1. d4 Nf6 2. Nf3 g6 3. c4 Bg7 4. Nc3 0-0 5. e4 d6 6. Be2 e5 7. d5 a5 8. h3 Na6 9. Be3 Nh5 10. g4 Nf4 11. Bxf4 exf4 12. Qd2 1/2-1/2